Haití : sociedad, migraciones y desarrollo /

Detalles Bibliográficos
Otros Autores: Alba Vega, Carlos (Editor), Vega Cánovas, Gustavo (Editor)
Formato: Electrónico eBook
Lenguaje:español
Publicado: Ciudad de México, México : El Colegio de México, [2023]
Edición:Primera edición electrónica.
Materias:
Acceso en línea:Digitalia Hispánica

MARC

LEADER 00000nam a2200000 i 4500
001 DIGCOLMX0516
003 NyNyDIG
006 m o d
007 cr |||||||||||
008 231209s2023 mx a ob 000 0 spa d
035 |a (OCoLC)1406019065 
040 |a DGITA  |b eng  |e rda  |e pn  |c DGITA 
020 |a 9786075645285  |q electrónico 
020 |z 9786075644493  |q impreso 
043 |a nwht--- 
050 1 4 |a JV7393 ebook 
245 0 0 |a Haití :  |b sociedad, migraciones y desarrollo /  |c Carlos Alba Vega, Gustavo Vega Cánovas, editores. 
250 |a Primera edición electrónica. 
264 1 |a Ciudad de México, México :  |b El Colegio de México,  |c [2023] 
300 |a 1 online resource :  |b illustrations. 
336 |a text  |b txt  |2 rdacontent 
337 |a computer file  |b c  |2 rdamedia 
338 |a online resource  |b cr  |2 rdacarrier 
347 |a text file  |2 rdaft 
347 |b EPUB 
504 |a Includes bibliographical references. 
588 0 |a Online resource; title from ePub title page (Digitalia, viewed December 9, 2023) 
650 0 |a Social movements  |z Haiti  |x History. 
651 0 |a Haiti  |x Politics and government. 
651 0 |a Haiti  |x Emigration and immigration. 
700 1 |a Alba Vega, Carlos,  |e editor. 
700 1 |a Vega Cánovas, Gustavo,  |e editor. 
776 0 8 |i Print version:  |t Haití.  |b Primera edición impresa.  |d Ciudad de México, México : El Colegio de México, 2023  |z 9786075644493 
791 2 |a Digitalia (Firm),  |e distributor. 
793 0 |g Digitalia eBook Collection:  |a El Colegio de México 
856 4 0 |3 Digitalia Hispánica  |u https://www.digitaliapublishing.com/a/131885/ 
910 |a Premium collection: 2023